Benchmarking para competir con ventaja

Saved in:
Bibliographic Details
Main Author: Boxwell, Robert J (Author)
Format: Book
Language:Spanish
Published: Madrid McGraw Hill 1994
Series:Serie McGraw Hill de management
Subjects:
Tags: Add Tag
No Tags, Be the first to tag this record!

MARC

LEADER 00000nam a2200000 a 4500
001 UCY5439
003 CL-VaPUC
008 950508e19940000SP |||||||||||||||||spa|d
082 0 4 |a 658.47  |b BOX  |2 21 
100 0 |a Boxwell, Robert J  |e author  |9 334206 
245 1 0 |a Benchmarking para competir con ventaja 
300 |a 203 p 
942 |c BK 
945 |d 19950508 00:00:00  |a rbrito 
260 |a Madrid  |b McGraw Hill  |c 1994 
650 0 |a Planificación estratégica   |9 259735 
650 7 |a INNOVACIONES TECNOLOGICAS  |2 CL-VaPUC  |9 334207 
650 0 |a Competitividad   |9 308495 
650 7 |a ESPIONAJE INDUSTRIAL  |2 CL-VaPUC  |9 329486 
583 |a last modification  |c 20160928 09:34:11  |k Rodrigo Vera 
490 0 |a Serie McGraw Hill de management 
999 |c 233100  |d 233098 
952 |0 0  |1 0  |4 0  |6 658_470000000000000_BOX_1994  |7 0  |8 A  |9 238270  |a BIBGIM  |b BIBGIM  |d 2019-11-18  |i 3081915  |o 658.47 BOX 1994  |p 3081915  |r 2025-01-15  |w 2019-11-18  |y BK  |k COM 
952 |0 0  |1 0  |4 0  |6 658_470000000000000_BOX_1994  |7 0  |8 A  |9 238271  |a BIBENE  |b BIBENE  |d 2019-11-18  |i 309426K  |o 658.47 BOX 1994  |p 309426K  |r 2025-01-15  |w 2019-11-18  |y BK  |k ICO 
952 |0 0  |1 0  |4 0  |6 658_470000000000000_BOX_1994  |7 0  |8 A  |9 238272  |a BIBGIM  |b BIBGIM  |d 2019-11-18  |i 3144895  |o 658.47 BOX 1994  |p 3144895  |r 2025-01-15  |w 2019-11-18  |y BK  |k COM 
952 |0 0  |1 0  |4 0  |6 658_470000000000000_BOX_1994  |7 0  |8 A  |9 238273  |a BIBGIM  |b BIBGIM  |d 2019-11-18  |i 3144909  |o 658.47 BOX 1994  |p 3144909  |r 2025-01-15  |w 2019-11-18  |y BK  |k COM